000 00839nam a2200217Ia 4500
003 OSt
005 20250827104237.0
008 221004b |||||||| |||| 00| 0 hin d
037 _cTB
040 _aCRL
_cCRL
_bhin
041 _2hin
_ahin
084 _aO152,2N26,AY P6
_qAL
100 _aमलिक, माया
_9818989
245 0 _aअंधा युग
_b रचनाधर्मिता के विविध आयाम
246 _aAandhā yuga: rachanādharmitā ke vividh āyāma
260 _aदिल्ली
_bस्वराज प्रकशन भारत
_c2006
300 _a188पृ0
_ccm.
650 _aहिन्दी साहित्य
942 _hO152,2N26,AY P6
_cTB
_2cc
_n0
999 _c1014209
_d1014209